Normal view
MARC view
- مراكز المعلومات-مصادر
Entry Topical Term
001 - CONTROL NUMBER
- control field: 27656
003 - CONTROL NUMBER IDENTIFIER
- control field: JO-AjAnu
005 - DATE AND TIME OF LATEST TRANSACTION
- control field: 20230606074709.0
008 - FIXED-LENGTH DATA ELEMENTS
- fixed length control field: 230606|| aca||aabn | a|a d
040 ## - CATALOGING SOURCE
- Original cataloging agency: JO-AjAnu
- Transcribing agency: JO-AjAnu
150 ## - HEADING--TOPICAL TERM
- Topical term or geographic name entry element: مراكز المعلومات-مصادر
670 ## - SOURCE DATA FOUND
- Source citation: Work cat.: (JO-AjAnu)14202: تايلور، جوي ؛ ترجمة حمد بن ابراهيم العمران , author 27655, الوعي المعلوماتي ومراكز التعلم =Information Literacy and library center